00908nam a22002177a 4500999001700000003000900017008004100026040007100067082002400138110005600162245004800218260005800266300002800324505013900352650003100491650001800522650002200540942001600562945000800578952010400586 c11348d11348AR-CdUCM190403b ||||| |||| 00| 0 spa d aMUNICIPALIDAD PROVINCIAL DEL CUSCOcBIBLIOTECA MUNICIPAL DEL CUSCO a649.1 /bL45 / 1940 aSecretaria del trabajo de los Estados Unidos928669 aCuidado del niño en su primera infancia / aWashington : bGobierno de los Estados Unidos,c1942. a138 páginas ;c23 cm. aContenido : El recién nacido -- Desarrollo de la criatura -- Programa diario de la criatura -- Como mantener sana a la criatura ...  aLa primera infancia928670 aNiño922056 aMaternidad928671 2ddccLIBROS arah 002ddc4070aSCAbSCAcCARTd2019-04-03g30.00o649.1 / L45 / 1940pSCA0001246r2019-04-03yLIBROS